[Event "VIE-chT"]
[Site "Ho Chi Minh City"]
[Date "2013.08.17"]
[Round "5"]
[White "Nguyen, Tan Thinh"]
[Black "Bui, Trong Hao"]
[Result "0-1"]
[WhiteElo "1935"]
[BlackElo "2154"]
[PlyCount "88"]
[EventDate "2013.08.14"]
[EventType "team-swiss"]
[EventRounds "11"]
[EventCountry "VIE"]
[SourceTitle "CBM 156 Extra"]
[Source "ChessBase"]
[SourceDate "2013.10.22"]
[SourceVersion "1"]
[SourceVersionDate "2013.10.22"]
[SourceQuality "1"]

1. d4 d5 2. Nf3 Nf6 3. c4 c6 4. Nc3 dxc4 5. a4 Bg4 6. e3 e6 7. Bxc4 Bb4 8. Qb3 Qe7 9. Ne5 Bf5 10. Bd2 0-0 11. h3 Nbd7 12. 0-0 Nxe5 13. dxe5 Nd7 14. f4 a5 15. Be2 Rad8 16. Be1 Nc5 17. Qc4 Nd3 18. e4 Nxe1 19. Raxe1 Rd4 20. Qxd4 Bc5 21. Qxc5 Qxc5+ 22. Kh1 Bg6 23. f5 Qxe5 24. fxg6 hxg6 25. Rd1 Qc7 26. Bc4 g5 27. Rd3 g6 28. Rdf3 Qe5 29. Rf6 Kg7 30. Bxe6 Qxf6 31. Rxf6 Kxf6 32. Bc4 Ke5 33. Kg1 Kd4 34. Bb3 Ke3 35. e5 Kd4 36. e6 fxe6 37. Bxe6 Kd3 38. Bb3 Rf4 39. Nd1 Ke2 40. g3 Rf1+ 41. Kg2 Rxd1 42. Bxd1+ Kxd1 43. Kf3 Kc2 44. Kg4 Kxb2 0-1

[Event "VIE-chT"]
[Site "Ho Chi Minh City"]
[Date "2013.08.16"]
[Round "4"]
[White "Bui, Trong Hao"]
[Black "Nguyen, Van Huy"]
[Result "0-1"]
[WhiteElo "2154"]
[BlackElo "2425"]
[PlyCount "110"]
[EventDate "2013.08.14"]
[EventType "team-swiss"]
[EventRounds "11"]
[EventCountry "VIE"]
[SourceTitle "CBM 156 Extra"]
[Source "ChessBase"]
[SourceDate "2013.10.22"]
[SourceVersion "1"]
[SourceVersionDate "2013.10.22"]
[SourceQuality "1"]

1. d4 Nf6 2. Nf3 d5 3. c4 e6 4. Nc3 Bb4 5. e3 0-0 6. a3 Bxc3+ 7. bxc3 c5 8. cxd5 exd5 9. Qc2 c4 10. h3 Nc6 11. Be2 Re8 12. Nd2 b5 13. 0-0 g6 14. f3 Bf5 15. Qb2 Rxe3 16. Ne4 Rxe2 17. Qxe2 dxe4 18. g4 Be6 19. fxe4 Nxd4 20. cxd4 Qxd4+ 21. Qf2 Qxf2+ 22. Kxf2 Nxe4+ 23. Ke3 Nc5 24. Rb1 a6 25. Bb2 Re8 26. Kd4 Na4 27. Ba1 c3 28. Rbc1 Rd8+ 29. Ke3 Rc8 30. Rf4 Nb6 31. Kd3 Bc4+ 32. Kc2 Nd5 33. Rd4 b4 34. axb4 Nxb4+ 35. Kd1 Bb3+ 36. Ke2 Na2 37. Rg1 c2 38. Bb2 c1Q 39. Bxc1 Nxc1+ 40. Kd2 Rc2+ 41. Ke3 Be6 42. Rd8+ Kg7 43. Ra8 g5 44. Rxa6 Nb3 45. Rd6 Rh2 46. Rg3 Na5 47. Rd1 Nc6 48. Ke4 Ne7 49. Re3 Ng6 50. Ra1 Nf4 51. Raa3 Kg6 52. Ke5 h5 53. Rg3 hxg4 54. hxg4 Rh4 55. Ra6 Kg7 0-1

[Event "VIE-chT"]
[Site "Ho Chi Minh City"]
[Date "2013.08.15"]
[Round "3"]
[White "Nguyen, Thanh Son"]
[Black "Bui, Trong Hao"]
[Result "1/2-1/2"]
[WhiteElo "2396"]
[BlackElo "2154"]
[PlyCount "52"]
[EventDate "2013.08.14"]
[EventType "team-swiss"]
[EventRounds "11"]
[EventCountry "VIE"]
[SourceTitle "CBM 156 Extra"]
[Source "ChessBase"]
[SourceDate "2013.10.22"]
[SourceVersion "1"]
[SourceVersionDate "2013.10.22"]
[SourceQuality "1"]

1. g3 d5 2. Bg2 Nf6 3. Nf3 c6 4. 0-0 Bg4 5. d3 Nbd7 6. Nc3 e6 7. h3 Bh5 8. e4 Bb4 9. g4 dxe4 10. Nxe4 Bg6 11. Nxf6+ Nxf6 12. Ne5 Bd6 13. Qe2 Qc7 14. Nc4 Bh2+ 15. Kh1 Nd5 16. Bxd5 cxd5 17. f4 dxc4 18. Qxh2 cxd3 19. f5 Qxh2+ 20. Kxh2 exf5 21. gxf5 Bh5 22. Re1+ Kd7 23. cxd3 Rhe8 24. Bf4 Rac8 25. Kg3 f6 26. Rxe8 Bxe8 1/2-1/2

[Event "VIE-chT"]
[Site "Ho Chi Minh City"]
[Date "2013.08.14"]
[Round "2"]
[White "Bui, Trong Hao"]
[Black "Le, Quang Long"]
[Result "1/2-1/2"]
[WhiteElo "2154"]
[BlackElo "2356"]
[PlyCount "147"]
[EventDate "2013.08.14"]
[EventType "team-swiss"]
[EventRounds "11"]
[EventCountry "VIE"]
[SourceTitle "CBM 156 Extra"]
[Source "ChessBase"]
[SourceDate "2013.10.22"]
[SourceVersion "1"]
[SourceVersionDate "2013.10.22"]
[SourceQuality "1"]

1. d4 f5 2. c4 Nf6 3. Nc3 g6 4. g3 Bg7 5. Bg2 0-0 6. Nh3 d6 7. d5 c6 8. Nf4 Bd7 9. 0-0 Na6 10. Rb1 Rb8 11. b3 Qe8 12. h4 Nc5 13. Bb2 Rd8 14. b4 Na6 15. Qb3 e5 16. dxe6 Bxe6 17. Nxe6 Qxe6 18. Rbd1 f4 19. gxf4 Qg4 20. e3 Nc7 21. Ne4 Nce8 22. f3 Qxh4 23. Ng5 Nc7 24. c5+ d5 25. Be5 Nfe8 26. Qb2 Rf5 27. Nh3 Qe7 28. Bxg7 Nxg7 29. Rfe1 Rff8 30. Nf2 Kh8 31. Ng4 Qh4 32. Qf2 Qxf2+ 33. Kxf2 Nh5 34. Rh1 Kg7 35. Ne5 d4 36. Rxd4 Rxd4 37. exd4 Rxf4 38. Rd1 Nf6 39. Bh3 Ncd5 40. a3 Ne7 41. Be6 a6 42. Nc4 g5 43. Rg1 h6 44. Nd6 Rxd4 45. Ke3 Rf4 46. Nxb7 Nfd5+ 47. Bxd5 Nxd5+ 48. Kf2 Rc4 49. Re1 Rc2+ 50. Re2 Rxe2+ 51. Kxe2 Kf6 52. Nd8 Ne7 53. Kf2 h5 54. Kg3 Nf5+ 55. Kf2 Nd4 56. Nb7 h4 57. Nd6 Ke5 58. Nc4+ Kf4 59. a4 Ne6 60. Na5 Nd4 61. Nc4 h3 62. Nd2 h2 63. Kg2 h1Q+ 64. Kxh1 Ke3 65. Nc4+ Kxf3 66. Kg1 Ke4 67. Kg2 Ne6 68. Na5 Kd5 69. Kg3 Nxc5 70. bxc5 Kxc5 71. Kg4 Kb4 72. Nxc6+ Kxa4 73. Kxg5 Kb5 74. Kf4 1/2-1/2